Statistics for Countries With Crosses on Their Flags

Click here to take the quiz!

General Stats

  • This quiz has been taken 1,224 times
  • The average score is 11 of 20

Answer Stats

Answer% Correct
Norway
92%
Sweden
92%
Finland
91%
Denmark
90%
Iceland
88%
Switzerland
76%
Georgia
60%
Greece
60%
Malta
57%
Australia
52%
New Zealand
51%
Tonga
48%
United Kingdom
47%
Fiji
45%
Tuvalu
40%
Slovakia
39%
Dominican Republic
33%
Serbia
29%
Vatican City
24%
Moldova
20%

Score Distribution

Percentile by Number Answered

Percent of People with Each Score

Your Score History

You have not taken this quiz